000 00637nam a2200241Ia 4500
003 OSt
005 20220924132517.0
006 a|||||r|||| 00| 0
007 ta
008 220923b |||||||| |||| 00| 0 san d
024 _a59030
037 _cTextual
040 _aARTS
_cARTS
_bsan
041 _2san
_asan
082 _aQ132:4x1;1, 15J1
100 _aJaimini
_982167
245 0 _aUpadesa Sutra : an old treatise on astrology , ed by K V Abhyankar
260 _c1951
490 _aResearch series; 36
650 _aRELIGION
942 _hQ132:4x1;1, 15J1
_cTEXL
_2CC
999 _c430485
_d430485